Heutige Namen von Großstädten - Statistiken

Allgemein
  • Dieses Quiz wurde 50 mal gespielt
  • Das Durchschnittsergebnis liegt bei 7 aus 24
Antwortstatistiken
Alter Name Neuer Name % Korrekt
Leningrad Sankt Petersburg
92%
Bombay Mumbai
87%
Edo Tokyo
77%
Königsberg Kaliningrad
74%
Krung Thep Bangkok
54%
Léopoldville Kinshasa
38%
Batavia Jakarta
36%
Canton Guangzhou
31%
Madras Chennai
26%
Salisbury Harare
18%
Sverdlowsk Jekaterinburg
18%
Port Arthur Dalian
15%
Lourenço Marques Maputo
15%
Gorki Nischni Nowgorod
15%
Zelinograd Astana
13%
Benares Varanasi
13%
Bakhtaran Kermanshah
10%
Lucknow Lakhnau
10%
Mukden Shenyang
10%
Kotte Sri Jayewardenepura
10%
Baroda Vadodara
10%
Lyallpur Faisalabad
8%
Georgetown Penang
5%
Trivandrum Thiruvananthapuram
5%
Keine übereinstimmenden Quizze gefunden
Verteilung der Resultate
Anzahl Personen mit jedem Resultat
Perzentil nach korrekt beantworteten Fragen
Ihre Resultats-Entwicklung
Sie haben dieses Quiz noch nicht gespielt